000 00853nam a2200229Ia 4500
001 11237
003 GE_BSU
008 181216s||||||||xx |||||||||||||| ||und||
040 _cGE_BSU
080 _a595.7
100 _aკობახიძე დ.
245 _aმწერთა ეკოლოგიის საფუძვლები
245 _bსაქ-ს სსრ მეცნ. აკადემია ზოოლოგიის ინ-ტი.
245 _cრედ: ა. მაჩაბელი
260 _aთბილისი.
260 _bსაქ-ს მეცნ. აკად. გამ-ბა
260 _c1958
300 _a280გვ.22სმ.
300 _eდანართები გვ. 272-279
653 _aმწერთა ეკოლოგიის საფუძვლები
942 _cBK
999 _c44468
_d44468